Normal view
MARC view
- التقاير المالية - معايير دولية
Entry Topical Term
001 - CONTROL NUMBER
- control field: 28464
003 - CONTROL NUMBER IDENTIFIER
- control field: JO-AjAnu
005 - DATE AND TIME OF LATEST TRANSACTION
- control field: 20230606074825.0
008 - FIXED-LENGTH DATA ELEMENTS
- fixed length control field: 230606|| aca||aabn | a|a d
040 ## - CATALOGING SOURCE
- Original cataloging agency: JO-AjAnu
- Transcribing agency: JO-AjAnu
150 ## - HEADING--TOPICAL TERM
- Topical term or geographic name entry element: التقاير المالية - معايير دولية
670 ## - SOURCE DATA FOUND
- Source citation: Work cat.: (JO-AjAnu)14611: ميرزا،عباس علي/ م. مشارك: جراهام جيه هولت، ماغنوس اوريل, author 28463, المعايير الدولية لاعداد التقارير المالية: كتاب ودليل=IFRS International Financial Reporting Standards : Workbook&Guide